Statistiques concernant Cliquez sur le synonyme

Cliquez ici pour prendre le quiz!

Statistiques générales

  • Ce quiz a été pris 30 431 fois
  • Le résultat moyen est 8 sur 20

Statistiques - réponses

HintRéponse% Correct
flemmardiseparesse
81%
ébaucheesquisse
63%
gambadecabriole
55%
nébuleuxobscur
54%
simagréechichi
50%
stigmatecicatrice
47%
forçatgalérien
44%
fatrasdésordre
39%
congénitalinné
39%
synergieassociation
36%
asthénieaffaiblissement
33%
méandresinuosité
33%
opprobredésaveu
30%
glabreimberbe
30%
eurythmieharmonie
28%
laudatifdithyrambique
26%
catharsispurification
26%
concupiscenceavidité
24%
repletplantureux
22%
phlyctènecloque
19%

Distribution des résultats

Percentile par nombre de réponses

% des personnes avec chaque résultat

Votre développement - résultats

Vous n’avez pas pris ce quiz